UM Logo

A bidirectional MVDC solid-state circuit breaker based on mixture device / (Record no. 19952)

MARC details
000 -LEADER
fixed length control field 00942nam a22002297a 4500
003 - CONTROL NUMBER IDENTIFIER
control field OSt
005 - DATE AND TIME OF LATEST TRANSACTION
control field 20250221144408.0
008 - FIXED-LENGTH DATA ELEMENTS--GENERAL INFORMATION
fixed length control field 240403b ||||| |||| 00| 0 eng d
040 ## - CATALOGING SOURCE
Transcribing agency 0
082 ## - DEWEY DECIMAL CLASSIFICATION NUMBER
Classification number DPer 621.381 In821 October 2022 v. 37 n. 10
100 ## - MAIN ENTRY--PERSONAL NAME
Personal name Zhu, Jin.
Relator term author.
9 (RLIN) 55774
245 ## - TITLE STATEMENT
Title A bidirectional MVDC solid-state circuit breaker based on mixture device /
Statement of responsibility, etc. Jin Zhu, Qingpeng Zeng, Xu Yang, Mi Zhou, and Tongzhen Wei.
260 ## - PUBLICATION, DISTRIBUTION, ETC. (IMPRINT)
Place of publication, distribution, etc. New York ;
Name of publisher, distributor, etc. The Institute of Electrical and Electronics Engineers, Inc.,
Date of publication, distribution, etc. October 2022.
300 ## - PHYSICAL DESCRIPTION
Extent volume 37, pages 11486-11490,
Other physical details illustration.
500 ## - GENERAL NOTE
General note IEEE Transactions on Power Electronics, v. 37, n. 10, pages 11486-11490, October 2022.
700 ## - ADDED ENTRY--PERSONAL NAME
Personal name Zhu, Jin.
Relator term author.
9 (RLIN) 55774
700 ## - ADDED ENTRY--PERSONAL NAME
Personal name Zeng, Qingpeng.
Relator term author.
9 (RLIN) 55775
700 ## - ADDED ENTRY--PERSONAL NAME
Personal name Yang, Xu.
Relator term author.
9 (RLIN) 55776
700 ## - ADDED ENTRY--PERSONAL NAME
Personal name Zhou, Mi.
Relator term author.
9 (RLIN) 55777
700 ## - ADDED ENTRY--PERSONAL NAME
Personal name Wei, Tongzhen.
Relator term author.
9 (RLIN) 55778
942 ## - ADDED ENTRY ELEMENTS (KOHA)
Source of classification or shelving scheme Dewey Decimal Classification
Koha item type Periodicals
Holdings
Withdrawn status Lost status Source of classification or shelving scheme Damaged status Not for loan Collection code Home library Current library Date acquired Total Checkouts Full call number Date last seen Price effective from Koha item type Public note
    Dewey Decimal Classification     Periodicals UM Digos College - LIC UM Digos College - LIC 04/03/2024   DPer 621.317 Ie21 October 2022 v.37 n. 10 04/03/2024 04/03/2024 Periodicals Periodical Article